000 00370nam a2200157Ia 4500
003 Ost
005 20260225132556.0
008 260225s9999||||xx |||||||||||||| ||und||
040 _cfsic
041 _afre
082 _a440
100 _aAbdellatif Benachenhou
_eAuteur
245 0 _aLes Nouveaux invertisseurs /
245 0 _cAbdellatif Benachenhou
942 _cكتاب
999 _c34445
_d34445